| 000 | 01055pam a2200325 a 4500 | ||
|---|---|---|---|
| 999 |
_c2323 _d2323 |
||
| 001 | 012946229 | ||
| 003 | Uk | ||
| 005 | 20230414084741.0 | ||
| 008 | 040628s2004 enka j 000 1 eng | ||
| 015 |
_aGBA448849 _2bnb |
||
| 016 | 7 |
_a012946229 _2Uk |
|
| 020 | _a0746060157 (pbk.) : | ||
| 040 |
_aStDuBDS _dUk _dKH8 _cUK |
||
| 042 | _aukblsr | ||
| 082 | 0 | 4 |
_a823.914 DAY _222 |
| 100 | 1 |
_aDaynes, Katie. _eAuthor |
|
| 245 | 1 | 4 |
_aThe adventures of Sinbad the Sailor / _cretold by Katie Daynes ; illustrated by Paddy Mounter ; consultant, Alison Kelly. |
| 260 |
_aLondon : _bUsborne, _c2004. |
||
| 300 |
_a48 p. : _bcol. ill. ; _c20 cm. |
||
| 336 |
_atext _2rdacontent |
||
| 337 |
_aunmediated _2rdamedia |
||
| 338 |
_avolume _2rdacarrier |
||
| 490 | 1 | _aUsborne young reading. Series one | |
| 650 | 0 |
_aSinbad the sailor (Legendary character) _vJuvenile fiction. |
|
| 655 | 0 | _aChildren's stories. | |
| 700 | 1 |
_aMounter, Paddy. _eIllustrator |
|
| 700 | 1 | _aKelly, Alison. | |
| 830 | 0 |
_aUsborne young reading. _nSeries one _pSeries one. |
|
| 942 |
_2ddc _cFIC |
||